| 000 | 00505nam a22001457a 4500 | ||
|---|---|---|---|
| 082 | _a620.005 | ||
| 100 | _aAhmed Khan, Saad | ||
| 245 |
_aRisk Analysis of Multi-Story Structures Using Risk Breakdown Structure / _cSaad Ahmed Khan. |
||
| 260 |
_aIslamabad : _bCEME - NUST, _c2012. |
||
| 300 |
_a100 p. : ill. ; _c30 cm. |
||
| 650 |
_aEngineering Management - MS Theses. _934601 |
||
| 700 |
_aSup: Dr. Syed Athar Masood. _934612 |
||
| 942 |
_2ddc _cTHE |
||
| 999 |
_c540545 _d540545 |
||